| 000 | 02079cam a22004934i 4500 | ||
|---|---|---|---|
| 003 | PE-LiUPU | ||
| 005 | 20250731173533.0 | ||
| 008 | 150623s r 000 0 d | ||
| 020 | _a0801025818 | ||
| 035 | _a(Sirsi) i9780801025815 | ||
| 040 |
_aPE-LiUPU _bspa _cPE-LiUPU _erda |
||
| 049 | _aPRUA | ||
| 082 | 0 | 4 |
_a241 _bR72 _221 |
| 245 | 0 | 0 |
_aReadings in Christian Ethics : _btheory and method / _ceditado por David K. Clark. |
| 264 | 1 |
_aMichigan : _bBaker Books, _c1994. |
|
| 300 |
_a328 páginas ; _c23 centímetros |
||
| 336 |
_atext _2rdacontent |
||
| 337 |
_aunmediated _2rdamedia |
||
| 338 |
_avolume _2rdacarrier |
||
| 504 | _aBibliografía al final de cada artículo. | ||
| 505 | 0 | _aEstablishing moral norms: the nature of ethics. -Grounding moral norms. -Applying moral norms: moral dilemmas. -Moral situations and cultural contexts. -Interpreting the Bible ethically: the use of the Bible in ethical judments. -Love and justice. -Developing the moral self: Virtue and character. -The process of decision-making. | |
| 526 | _aSEG42 | ||
| 526 | _aSEG41 | ||
| 526 | _aSEG40 | ||
| 526 | _aSEG39 | ||
| 526 | _aP94 | ||
| 526 | _aP87 | ||
| 526 | _aP86 | ||
| 526 | _aP85 | ||
| 526 | _aP77 | ||
| 526 | _aP76 | ||
| 526 | _aP35 | ||
| 650 | 0 | 4 |
_aEtica cristiana. _91047 |
| 700 | 1 |
_aClark, David K., _eed. |
|
| 700 | 1 |
_aRakestraw, Robert V., _eed. |
|
| 942 |
_2ddc _cBOOK |
||
| 949 |
_a241 R72 _wDEWEY _c1 _i44922 _lCCODEBUL1 _mBUL _r0 _sY _tBOOK _u2015-6-24 _xTEOLOGIA _PP35 _0COMPRA _o.STAFF. Colección General |
||
| 949 |
_a241.01 R72 _wDEWEY _c1 _i42329 _lCCODEBUL1 _mBUL _r0 _sY _tBOOK _u2015-6-16 _xTEOLOGIA _zUNKNOWN _0COMPRA _o.STAFF. Colección General |
||
| 994 |
_aC0 _bPEPRU |
||
| 596 | _a1 | ||
| 999 |
_a241.01 R72 _wDEWEY _c60162 _i42329 _f2021-11-10 _g5 _lCCODEBUL1 _mBUL _r0 _sY _tBOOK _u2015-6-16 _xTEOLOGIA _zUNKNOWN _0COMPRA _o.STAFF. Colección General _d60162 |
||
| 999 |
_a241 R72 _wDEWEY _c1 _i44922 _f2021-11-10 _g5 _lCCODEBUL1 _mBUL _r0 _sY _tBOOK _u2015-6-24 _xTEOLOGIA _PP35 _0COMPRA _o.STAFF. Colección General |
||
| 980 |
_81 _gALBERTO SANCHEZ Responsable de Automatización |
||